000 00476nam a2200169Ia 4500
003 OSt
005 20230606110024.0
008 210423s2003 xx 000 0 und d
040 _cAL
041 _aeng
082 _a301
_223
_b SACT
245 _aCommunal harmony minority relations and cultural freedom.
260 _aMangalore
_bSt.Aloysius College
_c2003
365 _cINR
906 _aCommunal ; cultural ; freedom. ; harmony ; minority ; relations
942 _2ddc
_cBK
999 _c174897
_d174897